Giúp chồng thành công /

Những bước đầu tới thành công; Những quy tắc căn bản để luyện tư cách của chồng; Bốn cách để giúp chồng; Làm sao thích nghi với một tình thế mới; Muốn chồng thành công, nên tránh những cạm bẫy này; Gây hạnh phúc cho chồng; Làm cho gia đình đầm ấm, vui vẻ; Làm cho chồng được nhiều người mến; Giữ gìn...

Descrición completa

Gardado en:
Detalles Bibliográficos
Autor Principal: Carnegie, Dale.
Outros autores: Nguyễn Hiến Lê (dịch.)
Formato: Libro
Idioma:Vietnamese
Publicado: Tp.HCM : Thanh niên, 1999.
Những chủ đề:
Các nhãn: Engadir etiqueta
Sen Etiquetas, Sexa o primeiro en etiquetar este rexistro!
Thư viện lưu trữ: Mạng thư viện Đại học Đà Nẵng
LEADER 01574cam a2200361 a 4500
001 000044517
003 2917
005 20060427091551.0
008 010314b1999 vm 000 vie
020 |c 25000 
040 |a LRC  |c LRC  |d LRC 
041 1 |a vie 
082 1 4 |a 158.24  |b CA-D 
100 1 |a Carnegie, Dale. 
245 1 0 |a Giúp chồng thành công /  |c Dale Carnegie ; Nguyễn Hiến Lê dịch. 
260 |a Tp.HCM :  |b Thanh niên,  |c 1999. 
300 |a 282 tr. ;  |c 20 cm. 
520 3 |a Những bước đầu tới thành công; Những quy tắc căn bản để luyện tư cách của chồng; Bốn cách để giúp chồng; Làm sao thích nghi với một tình thế mới; Muốn chồng thành công, nên tránh những cạm bẫy này; Gây hạnh phúc cho chồng; Làm cho gia đình đầm ấm, vui vẻ; Làm cho chồng được nhiều người mến; Giữ gìn sức khỏe và tinh thần cho chồng; Điều quan trọng nhất. 
630 0 4 |a Tâm lý. 
650 0 4 |a Tâm lý  |x Ứng dụng. 
700 1 |a Nguyễn Hiến Lê,  |e dịch. 
OWN |a DUT 
AVA |a UDN50  |b DUT  |c Book  |d 158.24 CA-D  |e available  |t Error 5001 Not defined in file expand_doc_bib_avail.  |f 3  |g 0  |h N  |i 0  |j SH  |k 1 
999 |a From the UDN01 
AVA |a UDN50  |b DUT  |c Book  |d 158.24 CA-D  |e available  |t Error 5001 Not defined in file expand_doc_bib_avail.  |f 3  |g 0  |h N  |i 0  |j SH  |k 1 
TYP |a Monograph 
TYP |a Printed language 
980 |a Mạng thư viện Đại học Đà Nẵng